Saiva Philosophy of Kashmir/ (Record no. 39377)

000 -LEADER
fixed length control field 00394nam a22001691a 4500
020 ## - INTERNATIONAL STANDARD BOOK NUMBER
ISBN 9788121511988
082 ## - DEWEY DECIMAL CLASSIFICATION NUMBER
Classification number 294.551 3
Item number SNK/S
100 ## - MAIN ENTRY--AUTHOR NAME
Personal name S N Kaul
245 ## - TITLE STATEMENT
Title Saiva Philosophy of Kashmir/
Statement of responsibility, etc by S N Kaul
250 ## - EDITION STATEMENT
Edition statement 1st.
260 ## - PUBLICATION, DISTRIBUTION, ETC. (IMPRINT)
Place of publication New Delhi:
Name of publisher Munshiram Manoharlal,
Year of publication 2008.
300 ## - PHYSICAL DESCRIPTION
Number of Pages 136p.
650 ## - SUBJECT ADDED ENTRY--TOPICAL TERM
Topical Term Saivism
650 ## - SUBJECT ADDED ENTRY--TOPICAL TERM
Topical Term Hinduism
650 ## - SUBJECT ADDED ENTRY--TOPICAL TERM
Topical Term Religion
942 ## - ADDED ENTRY ELEMENTS (KOHA)
Koha item type Book
Holdings
Withdrawn status Lost status Damaged status Not for loan Permanent Location Current Location Date acquired Cost, normal purchase price Full call number Accession Number Cost, replacement price Price effective from Koha item type
        Sree Sankaracharya University of Sanskrit Sree Sankaracharya University of Sanskrit 08.01.2015 350.00 294.551 3 SNK/S 062416 0.00 08.01.2015 Book